100 najlepszych piłkarzy świata 2025 r. - Statystyki

Ogólne statystyki
  • Ten quiz został rozwiązany 43 razy
  • Średni wynik to 62 z 100
Statystyki odpowiedzi
# Klub Piłkarz % Poprawnych
1 PSG Ousmane Dembélé
100%
4 Real Madryt Kylian Mbappé
97%
2 Barcelona Lamine Yamal
97%
7 PSG Achraf Hakimi
94%
6 Man. City Erling Haaland
94%
5 Bayern Monachium Harry Kane
94%
9 Liverpool Mohamed Salah
91%
10 Barcelona Pedri
91%
24 Barcelona Robert Lewandowski
91%
26 Arsenal Bukayo Saka
85%
34 Inter Miami Lionel Messi
85%
8 Barcelona Raphinha
85%
51 Al-Nassr Cristiano Ronaldo
82%
78 Aston Villa Emiliano Martínez
82%
13 Man. City Gianluigi Donnarumma
82%
20 Inter Lautaro Martínez
82%
11 PSG Nuno Mendes
82%
22 Real Madryt Vinícius Júnior
82%
23 Liverpool Virgil van Dijk
82%
3 PSG Vitinha
82%
16 PSG Désiré Doué
79%
37 Real Madryt Federico Valverde
79%
18 Real Madryt Jude Bellingham
79%
30 Real Madryt Thibaut Courtois
79%
28 Arsenal Viktor Gyökeres
79%
38 Liverpool Dominik Szoboszlai
76%
48 Liverpool Alexander Isak
73%
71 Real Madryt Arda Güler
73%
12 Chelsea Cole Palmer
73%
36 Liverpool Florian Wirtz
73%
60 Barcelona Frenkie de Jong
73%
74 Man. City Rodri
73%
19 Napoli Scott McTominay
73%
15 Arsenal Declan Rice
70%
25 Atletico Madryt Julián Álvarez
70%
73 Napoli Kevin De Bruyne
70%
31 Bayern Monachium Luis Díaz
70%
45 Arsenal Martin Ødegaard
70%
47 Chelsea Enzo Fernández
67%
21 Bayern Monachium Michael Olise
67%
61 Man. City Phil Foden
67%
33 Arsenal William Saliba
67%
35 Liverpool Alexis Mac Allister
64%
55 Man. United Bruno Fernandes
64%
27 PSG Fabián Ruiz
64%
17 PSG João Neves
64%
80 Barcelona Jules Koundé
64%
14 PSG Khvicha Kvaratskhelia
64%
39 Borussia Dortmund Serhou Guirassy
64%
49 Liverpool Alisson
61%
72 Man. City Bernardo Silva
61%
53 PSG Bradley Barcola
61%
40 Inter Denzel Dumfries
61%
52 Inter Hakan Çalhanoğlu
61%
43 Bayern Monachium Jamal Musiala
61%
50 Bayern Monachium Joshua Kimmich
61%
57 Athletic Bilbao Nico Williams
61%
64 Inter Yann Sommer
61%
100 Atletico Madryt Antoine Griezmann
58%
75 Man. City Jérémy Doku
58%
94 Bayern Monachium Manuel Neuer
58%
70 Arsenal Martín Zubimendi
58%
68 Barcelona Pau Cubarsí
58%
98 Real Madryt Trent Alexander-Arnold
58%
46 Galatasaray Victor Osimhen
58%
63 Chelsea Marc Cucurella
55%
65 Inter Marcus Thuram
55%
91 Milan Rafael Leão
55%
44 PSG Willian Pacho
55%
54 Inter Alessandro Bastoni
52%
97 Real Betis Antony
52%
69 Newcastle Bruno Guimarães
52%
58 Arsenal David Raya
52%
93 Man. City Josko Gvardiol
52%
42 PSG Marquinhos
52%
32 Chelsea Moisés Caicedo
52%
86 Como Nico Paz
52%
84 Man. City Rúben Dias
52%
90 Arsenal Mikel Merino
48%
99 Inter Federico Dimarco
45%
66 Barcelona Fermín López
45%
89 Juventus Kenan Yildiz
45%
82 Newcastle Nick Woltemade
45%
62 Inter Nicolò Barella
45%
77 Man. United Bryan Mbeumo
42%
59 Chelsea Estêvão
42%
29 Arsenal Gabriel Magalhães
42%
81 Real Sociedad Mikel Oyarzabal
42%
41 Liverpool Ryan Gravenberch
42%
85 Bayer Leverkusen Álex Grimaldo
39%
67 Liverpool Hugo Ekitiké
39%
79 Man. City Tijjani Reijnders
36%
88 Man. City Antoine Semenyo
33%
95 Marseille Mason Greenwood
33%
92 Real Madryt Dean Huijsen
27%
83 Napoli André-Frank Zambo Anguissa
24%
56 Arsenal Eberechi Eze
21%
76 Chelsea João Pedro
21%
87 Flamengo Giorgian de Arrascaeta
3%
96 Tottenham Micky van de Ven
0%
Nie znaleziono quizów pasujących do podanych kryteriów
Rozkład punktacji
Procent ludzi z każdym wynikiem
Percentyl według liczby udzielonych odpowiedzi
Twoja historia wyników
Nie rozwiązałeś tego quizu